Marketing. (Record no. 3195)

MARC details
005 - DATE AND TIME OF LATEST TRANSACTION
control field 20250605100129.0
020 ## - INTERNATIONAL STANDARD BOOK NUMBER
International Standard Book Number 9 780192 893468
082 ## - DEWEY DECIMAL CLASSIFICATION NUMBER
Classification number 658.8 BAI
100 ## - MAIN ENTRY--PERSONAL NAME
Author name BAINES,P.
245 ## - TITLE STATEMENT
Title Marketing.
250 ## - EDITION STATEMENT
Edition statement 6th Ed.
260 ## - PUBLICATION, DISTRIBUTION, ETC.
Place of publication, distribution, etc. United Kingdom,
Name of publisher, distributor, etc. Oxford University Press,
Date of publication, distribution, etc. 2022.
300 ## - PHYSICAL DESCRIPTION
Extent xxx,737figure, picture,table
Other physical details Index.;
Dimensions 26cm.
700 ## - ADDED ENTRY--PERSONAL NAME
Other authors/Editors ROSENGREN, S & ANTONETTI, P.
942 ## - ADDED ENTRY ELEMENTS (KOHA)
Source of classification or shelving scheme Dewey Decimal Classification
Koha item type Books
Holdings
Date last seen Total checkouts Full call number Barcode Cost, replacement price Price effective from Koha item type Lost status Source of classification or shelving scheme Damaged status Not for loan Withdrawn status Home library Current library Shelving location Date acquired Cost, normal purchase price
06/05/2025   658.8 BAI DOM00064 712338.00 06/05/2025 Books   Dewey Decimal Classification       CBE Dodoma CBE Dodoma Special Reserve Collection 03/12/2025 237446.00